<?xml version="1.0" encoding="UTF-8"?>
<marc:record xmlns:marc="http://www.loc.gov/MARC21/slim">
   <marc:leader>00000nam a2200000 a 4500</marc:leader>
   <marc:datafield ind1="1" ind2=" " tag="100">
      <marc:subfield code="a">Holmes, Alexandra</marc:subfield>
      <marc:subfield code="4">aut</marc:subfield>
      <marc:subfield code="e">Verfasser/-in</marc:subfield>
   </marc:datafield>
   <marc:datafield ind1=" " ind2=" " tag="653">
      <marc:subfield code="a">Zeitgeschichte</marc:subfield>
   </marc:datafield>
   <marc:datafield ind1="0" ind2="0" tag="245">
      <marc:subfield code="a">J: Einfach mehr Luft</marc:subfield>
   </marc:datafield>
   <marc:datafield ind1="0" ind2="0" tag="245">
      <marc:subfield code="c">Holmes, Alexandra</marc:subfield>
   </marc:datafield>
   <marc:datafield ind1=" " ind2="1" tag="264">
      <marc:subfield code="a">Wien</marc:subfield>
      <marc:subfield code="b">Jungbrunnen</marc:subfield>
      <marc:subfield code="c">2023</marc:subfield>
   </marc:datafield>
   <marc:datafield ind1="1" ind2=" " tag="520">
      <marc:subfield code="a">Quelle: STUBE (http://www.stube.at/); &#xD;
Seitenweise 2023&#xD;
Ein Geburtstagsessen bildet den erzählerischen Rahmen dieses Debutromans: Die Urgroßmutter von Hauptfigur Ben wird 100 Jahre alt. Ben ist fasziniert von ihren spannenden Geschichten aus vergangenen Zeiten, die ihm Einblick in familiäre und politische Zusammenhänge geben. Sie werden gleichsam parallel zu Bens gegenwärtigem Leben geführt und typografisch von seiner Erzählstimme abgehoben. Ein kluger erzählerischer Kunstgriff, um Begebenheiten aus der jüngeren österreichischen Geschichte am Beispiel persönlicher Schicksale aufzuarbeiten. In diesem Kontrast wird deutlich, wie jede Generation  neben ihren individuellen Lebenserfahrungen  auch von historischen Begebenheiten geprägt wird.&#xD;
*STUBE*&#xD;
Ein Geburtstagsessen bildet den erzählerischen Rahmen dieses Debutromans: Die Urgroßmutter von Hauptfigur Ben wird 100 Jahre alt. Sie beginnt immer mit einer Überschrift, als ob irgendjemand mitschreiben würde. Ich glaube, wenn sie alleine ist, beschäftigt sie sich die meiste Zeit damit, diese Geschichten in ihrem Kopf zu ordnen. Die autorisierte Fassung erzählt sie dann druckreif. Ein kluger erzählerischer Kunstgriff, um Begebenheiten aus der jüngeren österreichischen Geschichte auch sprachlich abzuheben von Bens Gegenwart. In diesem Kontrast wird deutlich, wie jede Generation neben ihren individuellen Lebenserfahrungen auch von historischen Begebenheiten geprägt wird.&#xD;
*STUBE Kathrin Wexberg*</marc:subfield>
   </marc:datafield>
   <marc:datafield ind1=" " ind2=" " tag="020">
      <marc:subfield code="a">9783702659776</marc:subfield>
      <marc:subfield code="9">9783702659776</marc:subfield>
   </marc:datafield>
   <marc:datafield ind1=" " ind2=" " tag="020">
      <marc:subfield code="a">3702659773</marc:subfield>
      <marc:subfield code="9">3702659773</marc:subfield>
   </marc:datafield>
   <marc:datafield ind1=" " ind2=" " tag="041">
      <marc:subfield code="a">ger</marc:subfield>
   </marc:datafield>
   <marc:datafield ind1=" " ind2=" " tag="338">
      <marc:subfield code="a">Band</marc:subfield>
   </marc:datafield>
   <marc:datafield ind1=" " ind2=" " tag="300">
      <marc:subfield code="a">160 Seiten</marc:subfield>
   </marc:datafield>
</marc:record>
